From semaphore to statelite
Đã lưu trong:
| 格式: | 图书 |
|---|---|
| 语言: | Undetermined |
| 出版: |
Geneva
Internetional Telecommunication Union
1965
|
| 主题: | |
| 标签: |
添加标签
没有标签, 成为第一个标记此记录!
|
| Thư viện lưu trữ: | Trung tâm Học liệu Trường Đại học Cần Thơ |
|---|
| LEADER | 00449nam a2200157Ia 4500 | ||
|---|---|---|---|
| 001 | CTU_83005 | ||
| 008 | 210402s9999 xx 000 0 und d | ||
| 082 | |a 621.383 | ||
| 082 | |b F931 | ||
| 245 | 0 | |a From semaphore to statelite | |
| 260 | |a Geneva | ||
| 260 | |b Internetional Telecommunication Union | ||
| 260 | |c 1965 | ||
| 650 | |a Semaphore satellite,Telegraphy | ||
| 904 | |i QHieu(sửa) | ||
| 980 | |a Trung tâm Học liệu Trường Đại học Cần Thơ | ||